Jak porozumět člověku : najděte skutečné pochopení a naučte se skutečně chápat druhé

Průvodce uměním poznat druhého člověka, abychom podpořili hlubší vztahy doma, v práci i v celém životě.

Saved in:
Bibliographic Details
Main Author Brooks, David, 1961- (Author)
Other Authors Harrison Lipenská, Kateřina, 1983- (Translator)
Format Book
LanguageCzech
Published Praha : Audiolibrix, 2026
EditionPrvní vydání
Subjects
ISBN978-80-88494-78-2
Physical Description335 stran ; 21 cm

Cover

LEADER 00000aam a2200000 i 4500
001 115568
003 CZ ZlUTB
005 20260430144038.0
007 ta
008 260226s2026 xr e 000 0 cze d
015 |a cnb003686195 
020 |a 978-80-88494-78-2  |q (vázáno) 
040 |a CBA001  |b cze  |d ZLD002  |e rda 
041 1 |a cze  |h eng 
072 7 |a 316.4/.7  |x Sociální interakce. Sociální komunikace  |2 Konspekt  |9 18 
080 |a 159.93  |2 MRF 
080 |a 159.95  |2 MRF 
080 |a 316.772.4  |2 MRF 
080 |a (048.8)  |2 MRF 
100 1 |a Brooks, David,  |d 1961-  |7 xx0000013  |4 aut 
240 1 0 |a How to know a person.  |l Česky 
245 1 0 |a Jak porozumět člověku :  |b najděte skutečné pochopení a naučte se skutečně chápat druhé /  |c David Brooks ; překlad Kateřina Harrison Lipenská 
250 |a První vydání 
264 1 |a Praha :  |b Audiolibrix,  |c 2026 
300 |a 335 stran ;  |c 21 cm 
336 |a text  |b txt  |2 rdacontent 
337 |a bez média  |b n  |2 rdamedia 
338 |a svazek  |b nc  |2 rdacarrier 
500 |a Přeloženo z angličtiny 
504 |a Obsahuje bibliografické odkazy a rejstřík 
520 2 |a Průvodce uměním poznat druhého člověka, abychom podpořili hlubší vztahy doma, v práci i v celém životě.  |b Pokud chcete poznat člověka, jaký typ pozornosti byste mu měli věnovat? Jaké rozhovory vést? Jakým částem příběhu člověka naslouchat? Kniha pomáhá čtenářům stát se chápavějšími a ohleduplnějšími k druhým a najít radost, která pramení z toho být opravdu viděn. Nakladatelská anotace. Kráceno. 
650 0 7 |a interpersonální komunikace  |7 ph121153  |2 czenas 
650 0 7 |a lidské chování  |7 ph117221  |2 czenas 
650 0 7 |a smyslové vnímání  |7 ph116195  |2 czenas 
650 0 9 |a interpersonal communication  |2 eczenas 
650 0 9 |a human behavior  |2 eczenas 
650 0 9 |a senses and sensation  |2 eczenas 
655 7 |a monografie  |7 fd132842  |2 czenas 
655 9 |a monographs  |2 eczenas 
700 1 |a Harrison Lipenská, Kateřina,  |d 1983-  |7 xx0130217  |4 trl 
710 2 |a Audiolibrix (nakladatelství)  |7 xx0342413  |4 pbl 
910 |a ZLD002 
942 |2 udc 
952 |0 0  |1 0  |2 udc  |4 0  |5 0  |6 3166BROOKSD  |7 0  |8 BOOK  |9 190949  |a UTBZL  |b UTBZL  |c 006  |d 2026-04-30  |l 1  |m 1  |o 316.6/BROOKS,D.  |p 420010201758  |q 2026-06-03  |r 2026-05-04 11:40:12  |s 2026-05-04  |v 399.00  |w 2026-04-30  |x N:nákup  |y 04 
992 |b SKNEW 
999 |c 115568  |d 115568